[Event "Mare di Fano op 6th"]
[Site "Fano"]
[Date "2017.07.29"]
[Round "1"]
[White "Bini, Lorenzo"]
[Black "Larsen, Karsten"]
[Result "0-1"]
[WhiteElo "1931"]
[BlackElo "2212"]
[PlyCount "158"]
[EventDate "2017.07.29"]
[EventType "swiss"]
[EventRounds "9"]
[EventCountry "ITA"]
[SourceTitle "EXT 2018"]
[Source "ChessBase"]
[SourceDate "2017.10.13"]
[SourceVersion "1"]
[SourceVersionDate "2017.10.13"]
[SourceQuality "1"]

1. b3 d5 2. Bb2 Bf5 3. e3 e6 4. Nf3 Nf6 5. h3 h6 6. d3 Nbd7 7. Nbd2 c6 8. g4 Bh7 9. Bg2 Bd6 10. 0-0 0-0 11. Nd4 c5 12. Ne2 e5 13. e4 d4 14. f4 exf4 15. Nxf4 Qc7 16. Qf3 Ne5 17. Qf2 b5 18. Ne2 Rae8 19. Nf3 Nxf3+ 20. Qxf3 Nd7 21. Nf4 Be5 22. Nd5 Qd6 23. a4 b4 24. Rad1 Nb6 25. Nxb6 Qxb6 26. Bc1 Re6 27. Bf4 f6 28. Qg3 Qd6 29. Rf2 g5 30. Bxe5 fxe5 31. Rdf1 Rf4 32. Rf3 Rg6 33. Qf2 Qe6 34. Qe2 Rgf6 35. R3f2 Bg6 36. Kh2 Rf7 37. Kg1 Rh7 38. Bf3 Qf7 39. Rg2 Kf8 40. Rff2 Ke7 41. Kf1 Rh8 42. Ke1 Rf8 43. Rg3 Qf6 44. Qf1 h5 45. Ke2 Kd8 46. Rgg2 h4 47. Rh2 c4 48. bxc4 Qc6 49. Qa1 Qf6 50. Qf1 Be8 51. a5 Ba4 52. Bh1 Rxf2+ 53. Rxf2 Qxf2+ 54. Qxf2 Rxf2+ 55. Kxf2 Bxc2 56. Ke2 Kc7 57. Kd2 Ba4 58. Kc1 Kb7 59. Bf3 Ka6 60. Kb2 Kxa5 61. Be2 Kb6 62. Bf3 Kc5 63. Be2 a6 64. Bf3 Kb6 65. Be2 a5 66. Bf3 Bc6 67. Kb3 Kc5 68. Bd1 a4+ 69. Kb2 Kb6 70. Ka2 Ka5 71. Kb2 a3+ 72. Ka2 Bd7 73. Bc2 Ba4 74. Bb3 Bxb3+ 75. Kxb3 Kb6 76. Ka2 Ka6 77. Kb3 Ka5 78. Ka2 Ka4 79. Kb1 b3 0-1

[Event "Florence op 6th"]
[Site "Florence"]
[Date "2012.11.01"]
[Round "2"]
[White "Bini, Lorenzo"]
[Black "Efimov, Igor"]
[Result "0-1"]
[WhiteElo "1941"]
[BlackElo "2406"]
[PlyCount "62"]
[EventDate "2012.11.01"]
[EventType "swiss"]
[EventRounds "7"]
[EventCountry "ITA"]
[SourceTitle "EXT 2014"]
[Source "ChessBase"]
[SourceDate "2013.11.20"]
[SourceVersion "1"]
[SourceVersionDate "2013.11.20"]
[SourceQuality "1"]

1. f4 Nf6 2. e3 d6 3. Nc3 e5 4. fxe5 dxe5 5. Qf3 Bd6 6. Bc4 0-0 7. Nge2 Ng4 8. Ne4 Qh4+ 9. Qg3 Nxe3 10. Bd3 Nf5 11. Qxh4 Nxh4 12. 0-0 Be7 13. Bc4 Nc6 14. a3 Nf5 15. c3 g6 16. d3 Kg7 17. g4 Nd6 18. Nxd6 Bxd6 19. g5 Bh3 20. Rd1 f5 21. gxf6+ Rxf6 22. Be3 Rf3 23. Bf2 Raf8 24. Bg3 Re3 25. Rd2 Ne7 26. d4 e4 27. Bxd6 cxd6 28. Ng3 Nf5 29. Nf1 Rf3 30. Rad1 Rf4 31. Ng3 Ne3 0-1

[Event "Condino op"]
[Site "Condino"]
[Date "2009.07.29"]
[Round "4"]
[White "Panjkovic, Aleksandar"]
[Black "Bini, Lorenzo"]
[Result "1-0"]
[WhiteElo "2122"]
[BlackElo "1947"]
[PlyCount "63"]
[EventDate "2009.07.27"]
[EventType "swiss"]
[EventRounds "7"]
[EventCountry "ITA"]
[SourceTitle "CBM 131 Extra"]
[Source "ChessBase"]
[SourceDate "2009.09.03"]
[SourceVersion "2"]
[SourceVersionDate "2009.09.16"]
[SourceQuality "1"]

1. c4 g6 2. g3 Bg7 3. Bg2 d6 4. d3 c6 5. Nc3 e5 6. e4 Ne7 7. Be3 c5 8. Qd2 h6 9. Nge2 Nbc6 10. 0-0 Nd4 11. f4 f6 12. Nd5 Nxd5 13. exd5 Nxe2+ 14. Qxe2 0-0 15. fxe5 fxe5 16. Rxf8+ Qxf8 17. Rf1 Qe8 18. Qd2 Bf5 19. Bxh6 Bxd3 20. Qxd3 Bxh6 21. Rf6 Kg7 22. Rxd6 Rd8 23. Rxd8 Qxd8 24. d6 Qd7 25. Be4 Kf6 26. Bxg6 Bf8 27. Qf3+ Kg7 28. Qh5 Qxd6 29. Qh7+ Kf6 30. Qf7+ Kg5 31. h4+ Kg4 32. Bh5+ 1-0

[Event "Condino op"]
[Site "Condino"]
[Date "2009.07.28"]
[Round "3"]
[White "Bini, Lorenzo"]
[Black "Pandini, Giuseppe"]
[Result "1-0"]
[WhiteElo "1947"]
[BlackElo "1715"]
[PlyCount "51"]
[EventDate "2009.07.27"]
[EventType "swiss"]
[EventRounds "7"]
[EventCountry "ITA"]
[SourceTitle "CBM 131 Extra"]
[Source "ChessBase"]
[SourceDate "2009.09.03"]
[SourceVersion "2"]
[SourceVersionDate "2009.09.16"]
[SourceQuality "1"]

1. g3 e6 2. Bg2 d5 3. d3 Nf6 4. a3 Be7 5. e3 c5 6. f4 Nc6 7. Nf3 0-0 8. 0-0 Qc7 9. Nc3 a6 10. h3 b5 11. Ne2 Bb7 12. Bd2 Rfd8 13. g4 Bd6 14. g5 Nd7 15. Nh2 Ne7 16. e4 dxe4 17. dxe4 c4 18. Qe1 a5 19. Ng4 Bc5+ 20. Kh1 Bb6 21. Bc3 Nf8 22. Qh4 Nfg6 23. Qh5 Nc6 24. Bf6 gxf6 25. Qh6 Nf8 26. gxf6 1-0

[Event "Lucca op 20th"]
[Site "Lucca"]
[Date "2008.10.04"]
[Round "1"]
[White "Tocchioni, Doriano"]
[Black "Bini, Lorenzo"]
[Result "1-0"]
[WhiteElo "2259"]
[BlackElo "1996"]
[PlyCount "51"]
[EventDate "2008.10.04"]
[EventType "swiss"]
[EventRounds "6"]
[EventCountry "ITA"]
[SourceTitle "EXT 2011"]
[Source "ChessBase"]
[SourceDate "2010.11.26"]
[SourceVersion "1"]
[SourceVersionDate "2010.11.26"]
[SourceQuality "1"]

1. c4 g6 2. Nc3 Bg7 3. e4 d6 4. d4 c6 5. Be3 Nd7 6. Nf3 h6 7. Qd2 a6 8. h3 g5 9. Bd3 Qc7 10. Ne2 Ngf6 11. Ng3 c5 12. Nf5 Bf8 13. d5 b5 14. b3 e6 15. dxe6 fxe6 16. Ng3 bxc4 17. Bxc4 Nb6 18. Bd3 e5 19. Rc1 a5 20. Bb5+ Kf7 21. 0-0 Be7 22. Bxg5 hxg5 23. Nxg5+ Kg8 24. f4 Rb8 25. fxe5 dxe5 26. Rc3 1-0

[Event "Isola d'Elba op 26th"]
[Site "Isola d'Elba"]
[Date "2008.05.10"]
[Round "3"]
[White "Gardi, Giuseppe"]
[Black "Bini, Lorenzo"]
[Result "1/2-1/2"]
[WhiteElo "2061"]
[BlackElo "2023"]
[PlyCount "74"]
[EventDate "2008.05.10"]
[EventType "swiss"]
[EventRounds "9"]
[EventCountry "ITA"]
[SourceTitle "CBM 124 Extra"]
[Source "ChessBase"]
[SourceDate "2008.07.03"]
[SourceVersion "1"]
[SourceVersionDate "2008.07.03"]
[SourceQuality "1"]

1. d4 f5 2. Nf3 Nf6 3. g3 c6 4. Bg2 g6 5. 0-0 Bg7 6. b4 a5 7. bxa5 Qxa5 8. c4 d6 9. Bb2 Be6 10. Nbd2 h6 11. Qc2 0-0 12. Nh4 g5 13. Nhf3 Na6 14. a3 Nc7 15. a4 Ne4 16. Nxe4 fxe4 17. Nd2 d5 18. e3 Bg4 19. f3 exf3 20. Bxf3 Bxf3 21. Nxf3 dxc4 22. Qxc4+ Qd5 23. Nd2 Qxc4 24. Nxc4 Rxf1+ 25. Kxf1 b5 26. axb5 Rxa1+ 27. Bxa1 cxb5 28. Nd2 Nd5 29. Ke2 Kf7 30. Bb2 e6 31. Ne4 Ke7 32. Nc5 Kd6 33. Nd3 Kc6 34. e4 Nf6 35. Kf3 h5 36. Ne5+ Kc7 37. h3 Nh7 1/2-1/2

[Event "Isola d'Elba op 26th"]
[Site "Isola d'Elba"]
[Date "2008.05.10"]
[Round "1"]
[White "Luciani, Carlo"]
[Black "Bini, Lorenzo"]
[Result "1-0"]
[WhiteElo "2256"]
[BlackElo "2023"]
[PlyCount "81"]
[EventDate "2008.05.10"]
[EventType "swiss"]
[EventRounds "9"]
[EventCountry "ITA"]
[SourceTitle "CBM 124 Extra"]
[Source "ChessBase"]
[SourceDate "2008.07.03"]
[SourceVersion "1"]
[SourceVersionDate "2008.07.03"]
[SourceQuality "1"]

1. e4 b6 2. d4 Bb7 3. Bd3 Nf6 4. Qe2 Nc6 5. c3 e5 6. Nf3 d6 7. a3 Be7 8. 0-0 0-0 9. Rd1 Qc8 10. h3 a6 11. Nbd2 Re8 12. Nf1 Bf8 13. Bg5 Nd7 14. Qc2 h6 15. Bh4 g5 16. Bg3 Bg7 17. Ne3 Ne7 18. Bc4 Rf8 19. a4 Kh8 20. Rd2 b5 21. Bd3 bxa4 22. Rxa4 Nb6 23. Ra1 Qe6 24. Ra5 f6 25. Re2 Qf7 26. Ra1 Qh5 27. Nh2 Ng6 28. Ree1 Nf4 29. Bxf4 gxf4 30. Nf5 Qf7 31. Nf3 Rg8 32. N3h4 Bf8 33. Be2 Rg5 34. b3 Kh7 35. c4 Be7 36. c5 dxc5 37. dxc5 Rag8 38. cxb6 f3 39. Bxf3 cxb6 40. Qc7 Bc8 41. Qxe7 1-0

[Event "Florence Weekend op 2nd"]
[Site "Florence"]
[Date "2007.10.28"]
[Round "6"]
[White "Bini, Lorenzo"]
[Black "Tocchioni, Doriano"]
[Result "0-1"]
[WhiteElo "2023"]
[BlackElo "2290"]
[PlyCount "52"]
[EventDate "2007.10.26"]
[EventType "swiss"]
[EventRounds "6"]
[EventCountry "ITA"]
[SourceTitle "EXT 2010"]
[Source "ChessBase"]
[SourceDate "2010.11.25"]
[SourceVersion "1"]
[SourceVersionDate "2010.11.25"]
[SourceQuality "1"]

1. f4 Nf6 2. b3 d6 3. Bb2 Bg4 4. Nf3 Nbd7 5. d4 c6 6. Nc3 Qa5 7. Qd2 e6 8. e4 Bxf3 9. gxf3 d5 10. a3 g6 11. b4 Qc7 12. f5 exf5 13. e5 Nh5 14. 0-0-0 Ng7 15. Kb1 Ne6 16. Na4 b5 17. Nc5 Ndxc5 18. dxc5 h5 19. h4 Bh6 20. Qe1 Bf4 21. Rg1 a5 22. Rd3 axb4 23. axb4 Ke7 24. Rg2 Ra4 25. Qc3 Rha8 26. Re2 Qd7 0-1

[Event "Florence op 14th"]
[Site "Florence"]
[Date "2006.12.02"]
[Round "1"]
[White "Bardi, Giuliano"]
[Black "Bini, Lorenzo"]
[Result "0-1"]
[WhiteElo "1872"]
[BlackElo "2028"]
[PlyCount "76"]
[EventDate "2006.12.02"]
[EventType "swiss"]
[EventRounds "6"]
[EventCountry "ITA"]
[SourceTitle "EXT 2024"]
[Source "ChessBase"]
[SourceDate "2023.10.10"]
[SourceVersion "1"]
[SourceVersionDate "2023.10.10"]
[SourceQuality "1"]

1. e4 b6 2. d4 Bb7 3. Bd3 Nf6 4. Qe2 e6 5. Nf3 d5 6. e5 Nfd7 7. Bg5 Be7 8. Bxe7 Qxe7 9. 0-0 a5 10. c3 Ba6 11. Na3 Bxd3 12. Qxd3 c6 13. c4 Na6 14. Nc2 0-0 15. cxd5 cxd5 16. a3 Rfb8 17. Rfc1 b5 18. Ne3 Nb6 19. b3 a4 20. b4 Nc4 21. Nxc4 dxc4 22. Qe4 Nc7 23. Ne1 Nd5 24. Nc2 Qg5 25. g3 Rd8 26. f4 Qg4 27. Kg2 Ra7 28. h3 Qh5 29. g4 Qh6 30. Rf1 Rad7 31. Rf3 Qg6 32. Qe2 h5 33. Kg3 Ne7 34. Kh2 hxg4 35. Rg3 Nd5 36. hxg4 Qh6+ 37. Rh3 Qxh3+ 38. Kxh3 Nxf4+ 0-1

[Event "Siena Magari Memorial 9th"]
[Site "Siena"]
[Date "2006.11.10"]
[Round "1"]
[White "Bini, Lorenzo"]
[Black "Garofalo, Sergio"]
[Result "0-1"]
[WhiteElo "2028"]
[BlackElo "1815"]
[PlyCount "78"]
[EventDate "2006.11.10"]
[EventType "swiss"]
[EventRounds "6"]
[EventCountry "ITA"]
[SourceTitle "EXT 2024"]
[Source "ChessBase"]
[SourceDate "2023.10.10"]
[SourceVersion "1"]
[SourceVersionDate "2023.10.10"]
[SourceQuality "1"]

1. f4 e5 2. d3 exf4 3. Bxf4 Qf6 4. Qc1 Na6 5. Nf3 d6 6. Nc3 h6 7. e4 Nb4 8. Be3 Qd8 9. Be2 Nf6 10. 0-0 Be7 11. Nd4 Bg4 12. Nf5 Bf8 13. h3 Bxe2 14. Nxe2 Qd7 15. Bd4 0-0-0 16. a3 Nc6 17. Bc3 d5 18. e5 Nh7 19. d4 f6 20. Nh4 Ng5 21. Qf4 fxe5 22. dxe5 Bc5+ 23. Kh1 Rhf8 24. Qg4 Qxg4 25. hxg4 d4 26. b4 dxc3 27. bxc5 Nxe5 28. Nxc3 Nxg4 29. Ng6 Rfe8 30. Nf4 Rd2 31. Ncd5 Rxc2 32. Rae1 Ne4 33. Kg1 c6 34. Nb4 Rxc5 35. Nbd3 Rc3 36. a4 g5 37. Nf2 Ngxf2 38. Rxf2 gxf4 39. Rxf4 Nd6 0-1

[Event "Florence op 13th"]
[Site "Florence"]
[Date "2005.12.11"]
[Round "6"]
[White "Bini, Alessandro"]
[Black "Bini, Lorenzo"]
[Result "1-0"]
[WhiteElo "1826"]
[BlackElo "2016"]
[PlyCount "123"]
[EventDate "2005.12.03"]
[EventType "swiss"]
[EventRounds "6"]
[EventCountry "ITA"]
[SourceTitle "EXT 2007"]
[Source "ChessBase"]
[SourceDate "2006.11.23"]
[SourceVersion "1"]
[SourceVersionDate "2006.11.23"]
[SourceQuality "1"]

1. d3 g6 2. Nf3 Bg7 3. Nbd2 c5 4. c3 Nc6 5. g3 b6 6. Bg2 Bb7 7. 0-0 Qc7 8. Re1 e6 9. e4 d6 10. Nf1 h6 11. d4 Nf6 12. d5 exd5 13. exd5+ Ne7 14. Qa4+ Kf8 15. c4 Kg8 16. Bd2 Kh7 17. Nh4 Rhe8 18. Rad1 Kg8 19. Bc3 a6 20. Qc2 Rad8 21. Qd2 Kh7 22. Bf3 Bc8 23. Ne3 Neg8 24. Qc2 Bh3 25. Nhg2 Bc8 26. Nf4 Re7 27. h4 Kh8 28. Neg2 Rde8 29. Rxe7 Rxe7 30. Qd2 Ng4 31. Ne6 fxe6 32. Bxg7+ Rxg7 33. Bxg4 e5 34. Be6 Kh7 35. Ne3 Nf6 36. Qe2 Bxe6 37. dxe6 Qe7 38. Qd3 Qxe6 39. Qxd6 Re7 40. Qb8 Ne4 41. Qa8 Nf6 42. Rd8 Qf7 43. Rf8 Qg7 44. Nd5 Rf7 45. Rxf7 Qxf7 46. Nxb6 Ng4 47. Qg2 e4 48. Nd5 h5 49. Qf1 Qf3 50. Nf4 e3 51. Nh3 exf2+ 52. Qxf2 Nxf2 53. Ng5+ Kg7 54. Nxf3 Nd3 55. b3 Nc1 56. Ne5 Nxa2 57. Nd7 Nb4 58. Nxc5 Kf6 59. Kf2 Ke5 60. Ke3 a5 61. Nd3+ Nxd3 62. Kxd3 1-0

[Event "Pedavena op 1st"]
[Site "Pedavena"]
[Date "2005.08.04"]
[Round "3"]
[White "Luciani, Valerio"]
[Black "Bini, Lorenzo"]
[Result "1-0"]
[WhiteElo "2248"]
[BlackElo "2009"]
[PlyCount "99"]
[EventDate "2005.08.03"]
[EventType "swiss"]
[EventRounds "6"]
[EventCountry "ITA"]
[SourceTitle "EXT 2007"]
[Source "ChessBase"]
[SourceDate "2006.11.23"]
[SourceVersion "1"]
[SourceVersionDate "2006.11.23"]
[SourceQuality "1"]

1. d4 b6 2. e4 Bb7 3. Bd3 e6 4. Qe2 Nf6 5. Nf3 d5 6. e5 Ne4 7. 0-0 c5 8. c3 h6 9. a3 a5 10. Be3 Ba6 11. c4 cxd4 12. Bxd4 Nc5 13. Bxc5 Bxc5 14. Rd1 d4 15. Nbd2 Bb7 16. b3 Nc6 17. Nf1 Qe7 18. Qb2 0-0 19. Be4 f5 20. Bxc6 Bxc6 21. Nxd4 Bxd4 22. Rxd4 f4 23. Rd6 Rac8 24. f3 Rf5 25. Qe2 g5 26. Rad1 h5 27. Qf2 Rxe5 28. Qxb6 Be8 29. Rd8 Rxd8 30. Qxd8 Kf7 31. Qxe7+ Kxe7 32. Kf2 g4 33. b4 axb4 34. axb4 Ba4 35. Rd4 Rf5 36. Nd2 Bc2 37. b5 e5 38. Rd5 Ke6 39. Ne4 Rf8 40. Nc5+ Kf5 41. b6 Rg8 42. b7 g3+ 43. hxg3 fxg3+ 44. Ke3 h4 45. Nd7 Bb3 46. Rxe5+ Kg6 47. b8Q Rxb8 48. Nxb8 Bxc4 49. Re4 Bf1 50. Rxh4 1-0

[Event "Corsico op 26th"]
[Site "Corsico"]
[Date "2003.05.04"]
[Round "7"]
[White "Ubezio, Marco"]
[Black "Bini, Lorenzo"]
[Result "1/2-1/2"]
[WhiteElo "2195"]
[BlackElo "2065"]
[PlyCount "113"]
[EventDate "2003.04.30"]
[EventType "swiss"]
[EventRounds "7"]
[EventCountry "ITA"]
[SourceTitle "EXT 2007"]
[Source "ChessBase"]
[SourceDate "2006.11.23"]
[SourceVersion "1"]
[SourceVersionDate "2006.11.23"]
[SourceQuality "1"]

1. d4 b6 2. e4 Bb7 3. Bd3 e6 4. Nf3 c5 5. c3 Nf6 6. Qe2 Be7 7. 0-0 d6 8. Re1 Nbd7 9. Nbd2 h6 10. Nf1 Qc7 11. Ng3 e5 12. Bd2 g6 13. Rac1 Kf8 14. h4 Kg7 15. h5 Nf8 16. Nh2 Ne6 17. dxe5 dxe5 18. Bc4 Nf4 19. Qf3 Rad8 20. Rcd1 Bc8 21. hxg6 fxg6 22. Ne2 Ne6 23. Be3 Ng5 24. Bxg5 hxg5 25. Ng3 g4 26. Qe2 Rdf8 27. Ngf1 Rh6 28. Bb3 a6 29. a4 Bd7 30. Qxa6 Rfh8 31. Qc4 Be8 32. Rd3 Rf8 33. Red1 Bf7 34. Qb5 c4 35. Rd7 Nxd7 36. Rxd7 Qc5 37. Bxc4 Kg8 38. Qxc5 Bxc5 39. Rxf7 Rxf7 40. Nxg4 Rhh7 41. b4 Bd6 42. Nf6+ Kf8 43. Nxh7+ Rxh7 44. Ne3 Rc7 45. Kf1 Be7 46. Ke2 Bg5 47. Kd3 Bxe3 48. fxe3 Ke7 49. Bb5 Kd6 50. c4 Ke7 51. a5 bxa5 52. bxa5 Kd6 53. Ke2 Rf7 54. a6 g5 55. Be8 Ra7 56. Bb5 Rf7 57. Be8 1/2-1/2

[Event "Corsico op 26th"]
[Site "Corsico"]
[Date "2003.05.02"]
[Round "4"]
[White "Bini, Lorenzo"]
[Black "Pelizzola, Danilo"]
[Result "1-0"]
[WhiteElo "2065"]
[BlackElo "1998"]
[PlyCount "133"]
[EventDate "2003.04.30"]
[EventType "swiss"]
[EventRounds "7"]
[EventCountry "ITA"]
[SourceTitle "EXT 2007"]
[Source "ChessBase"]
[SourceDate "2006.11.23"]
[SourceVersion "1"]
[SourceVersionDate "2006.11.23"]
[SourceQuality "1"]

1. f4 d5 2. b3 Bf5 3. Bb2 Nd7 4. Nf3 e6 5. g3 Ngf6 6. Bg2 Bc5 7. e3 0-0 8. 0-0 c6 9. h3 Re8 10. Kh2 Be4 11. d3 Bxf3 12. Qxf3 Qe7 13. Nd2 Ba3 14. Bxa3 Qxa3 15. g4 Nf8 16. g5 N6d7 17. e4 Qb2 18. Rac1 Qc3 19. Qf2 b6 20. d4 Re7 21. Nb1 Qb2 22. c4 Qxf2 23. Rxf2 dxe4 24. Bxe4 Rc8 25. Nc3 Nb8 26. f5 Rd8 27. f6 Red7 28. Ne2 Ng6 29. Kg3 h6 30. h4 gxf6 31. Rxf6 hxg5 32. hxg5 Nf8 33. Rh1 c5 34. Rfh6 Rxd4 35. Nxd4 Rxd4 36. Kf3 Nbd7 37. Ke3 Ne5 38. R1h4 Rd1 39. Rh8+ Kg7 40. Rh1 Rd4 41. R8h4 a6 42. Bc2 Rd8 43. Rd1 Rxd1 44. Bxd1 Nh7 45. Re4 Nc6 46. Rg4 Nf8 47. Bc2 Nd7 48. Rg2 Kf8 49. Be4 Nd8 50. Rd2 Ke7 51. Kf4 Nb8 52. Rh2 Nd7 53. Rh7 Kd6 54. Rg7 Ne5 55. Rg8 Ndc6 56. Bxc6 Nxc6 57. Ra8 a5 58. Rf8 Ke7 59. Rc8 Kd7 60. Ra8 Kd6 61. Ke4 Kd7 62. Rh8 Kd6 63. Rh7 Ne5 64. Rg7 a4 65. bxa4 Nxc4 66. Rxf7 Nd2+ 67. Kd3 1-0

[Event "Lucca op 13th"]
[Site "Lucca"]
[Date "2001.10.??"]
[Round "2"]
[White "Bini, Lorenzo"]
[Black "Del Giudice, Stefano"]
[Result "1-0"]
[WhiteElo "2052"]
[BlackElo "2086"]
[PlyCount "49"]
[EventDate "2001.10.??"]
[EventType "swiss"]
[EventRounds "6"]
[EventCountry "ITA"]
[SourceTitle "EXT 2024"]
[Source "ChessBase"]
[SourceDate "2023.10.10"]
[SourceVersion "1"]
[SourceVersionDate "2023.10.10"]
[SourceQuality "1"]

1. d3 d5 2. f4 g6 3. Nf3 Bg7 4. c3 c5 5. Be3 b6 6. g3 Nf6 7. Bg2 Bb7 8. h3 0-0 9. 0-0 Nbd7 10. Qe1 Ne8 11. Nbd2 Nd6 12. g4 e5 13. fxe5 Nxe5 14. Nxe5 Bxe5 15. Nf3 Bg7 16. Qg3 Qe7 17. Bf4 Rad8 18. Rf2 f6 19. Raf1 Nf7 20. h4 Ne5 21. Nxe5 fxe5 22. Bg5 Qd7 23. Bxd8 Qxd8 24. Rxf8+ Bxf8 25. Qxe5 1-0

[Event "Viareggio op"]
[Site "Viareggio"]
[Date "2001.02.??"]
[Round "?"]
[White "Bini, Lorenzo"]
[Black "Corvi, Marco"]
[Result "1/2-1/2"]
[WhiteElo "2050"]
[BlackElo "2325"]
[PlyCount "76"]
[EventDate "2001.02.16"]
[EventType "swiss"]
[EventRounds "7"]
[EventCountry "ITA"]
[SourceTitle "EXT 2004"]
[Source "ChessBase"]
[SourceDate "2003.11.25"]
[SourceVersion "1"]
[SourceVersionDate "2003.11.25"]
[SourceQuality "1"]

1. d3 d5 2. f4 Nf6 3. Nf3 g6 4. g3 Bg7 5. Bg2 0-0 6. c3 c5 7. Qc2 Nc6 8. 0-0 Qb6 9. h3 c4+ 10. Kh2 cxd3 11. exd3 Bd7 12. Qe2 Qa6 13. Re1 Bf5 14. Bf1 Rad8 15. g4 Bc8 16. Be3 Rfe8 17. Qf2 Bxg4 18. Ne5 Bf5 19. Bc5 Nxe5 20. fxe5 Nd7 21. d4 Qe6 22. Ba3 g5 23. Nd2 Qg6 24. Re3 e6 25. Be2 f6 26. exf6 Bxf6 27. Rf1 Be7 28. Bxe7 Rxe7 29. Rg3 h6 30. Nf3 Rf8 31. Qe3 Rg7 32. Bb5 Be4 33. Bxd7 Rxd7 34. Nxg5 hxg5 35. Rxg5 Rxf1 36. Rxg6+ Bxg6 37. Qxe6+ Rdf7 38. Qxg6+ Rg7 1/2-1/2

[Event "Lucca op 12th"]
[Site "Lucca"]
[Date "2000.10.08"]
[Round "3"]
[White "Amato, Giampiero"]
[Black "Bini, Lorenzo"]
[Result "1/2-1/2"]
[WhiteElo "1750"]
[BlackElo "1803"]
[PlyCount "78"]
[EventDate "2000.10.07"]
[EventType "swiss"]
[EventRounds "6"]
[EventCountry "ITA"]
[SourceTitle "EXT 2002"]
[Source "ChessBase"]
[SourceDate "2001.11.25"]
[SourceVersion "1"]
[SourceVersionDate "2001.11.25"]
[SourceQuality "1"]

1. e4 d6 2. d4 g6 3. Nc3 Bg7 4. Be2 c6 5. Be3 Nd7 6. Qd2 b5 7. h4 h5 8. Nh3 Nb6 9. b3 b4 10. Nd1 Nf6 11. f3 a5 12. Ng5 Qc7 13. Rc1 Qb7 14. Nf2 Nh7 15. Nxh7 Rxh7 16. Nd3 c5 17. c3 c4 18. Nf2 cxb3 19. axb3 bxc3 20. Qxc3 Bd7 21. 0-0 Bf6 22. g3 Kf8 23. Qc7 Rb8 24. d5 Be8 25. Qxb7 Rxb7 26. Rc6 Nd7 27. Bd1 Rh8 28. Nd3 Kg7 29. Rf2 Nb8 30. Rc1 Bb5 31. Nb2 Na6 32. Nc4 Bxc4 33. Rxc4 Nb4 34. Rd2 Rhb8 35. Bd4 Bxd4+ 36. Rdxd4 Na6 37. Ra4 Nc5 38. Rxa5 Nxb3 39. Bxb3 Rxb3 1/2-1/2